ბათუმის შოთა რუსთაველის სახელმწიფო უნივერსიტეტის ბიბლიოთეკა

სიამოვნების პრინციპს მიღმა ; ეგო და ID / (ბიბ.ჩანაწერი № 58563)

000 -ლიდერი
ფიქსირებული სიგრძის საკონტროლო ველი 01029nam a22002177a 4500
003 - საკონტროლო ნომრის იდენტიფიკატორი
საკონტროლო ველი Ge_BSU
005 - ბოლო ოპერაციის თარიღი და დრო
საკონტროლო ველი 20220603123154.0
008 - ფიქსირებული სიგრძის მონაცემთა ელემენტები - ზოგადი ინფორმაცია
ფიქსირებული სიგრძის საკონტროლო ველი 220603s2021 ge ||||| |||| 00| 0 geo d
020 ## - წიგნის საერთაშორისო სტანდარტული ნომერი
International Standard Book Number 9789941829666
041 ## - ენის კოდი
Language code of text/sound track or separate title geo
Language code of original and/or intermediate translations of text eng
080 ## - უნივერსალური ათობითი კლასიფიკაციის ინდექსი
Universal Decimal Classification number 159.964.2 ფ-94
100 ## - მთავარი ჩანაწერი - პიროვნების სახელი
Personal name ფროიდი, ზიგმუნდ
9 (RLIN) 11892
245 ## - ცნობა სათაურის შესახებ
Title სიამოვნების პრინციპს მიღმა ; ეგო და ID /
Statement of responsibility, etc ზიგმუნდ ფროიდი ; მთარგმნელი დიმიტრი უჩანეიშვილი.
264 ## - წარმოების, გამოცემის, დისტრიბუციის და სხვა ცნობები
გამოცემის, წარმოების, დისტრიბუციის... ადგილი თბილისი :
გამოცემის, წარმოების, დისტრიბუციის... სახელწოდება აქტი,
გამოცემის, წარმოების, დისტრიბუციის... თარიღი 2021.
300 ## - ფიზიკური აღწერა
Extent 152 გვ. ;
Other physical details 20 სმ.
653 ## - INDEX TERM--UNCONTROLLED
Uncontrolled term ფსიქოანალიზი.
653 ## - INDEX TERM--UNCONTROLLED
Uncontrolled term ცნობიერება და არაცნობიერი.
700 ## - ADDED ENTRY--PERSONAL NAME
Personal name უჩანეიშვილი, დიმიტრი
Relator term მთარგმნელი
9 (RLIN) 13895
700 ## - ADDED ENTRY--PERSONAL NAME
Personal name ცაცუა, გიზო
Relator term გამომცემელი
9 (RLIN) 13970
942 ## - ADDED ENTRY ELEMENTS (KOHA)
Source of classification or shelving scheme
Koha item type წიგნი
ეგზემპლარები
ჩამოწერის სტატუსი დაკარგული ეგზემპლარის სტატუსი კლასიფიკაციის წყარო ან თაროზე გაწყობის სქემა დაზიანების სტატუსი არ გაიცემა მუდმივი მდებარეობა (დაცვის ადგილი) ამჟამინდელი ადგილსამყოფელი თაროზე განთავსების ადგილი შეძენის თარიღი ღირებულება, შესყიდვის ნორმალური ფასი სრული შენახვის შიფრი შტრიხკოდი ბოლო ოპერაციის თარიღი ეგზემპლარის მიმდევრობითი ნომერი (კეტერი?) ფასის ძალაში შესვლის თარიღი ეგზემპლარის სახეობა საჯარო შენიშვნა
          ბათუმის შოთა რუსთაველის სახელმწიფო უნივერსიტეტის მთავარი ბიბლიოთეკა ბათუმის შოთა რუსთაველის სახელმწიფო უნივერსიტეტის მთავარი ბიბლიოთეკა წიგნსაცავი 2022-06-03 15.00 159.964.2 ფ-94 62551 2022-06-03 62551 2022-06-03 წიგნი 15 ლ.
          ბათუმის შოთა რუსთაველის სახელმწიფო უნივერსიტეტის მთავარი ბიბლიოთეკა ბათუმის შოთა რუსთაველის სახელმწიფო უნივერსიტეტის მთავარი ბიბლიოთეკა წიგნსაცავი 2022-06-03 15.00 159.964.2 ფ-94 62552 2022-06-03 62552 2022-06-03 წიგნი 15 ლ.